| 000 | 01067cam a2200325 i 4500 | ||
|---|---|---|---|
| 001 | 41963 | ||
| 003 | KOSZ 005 | ||
| 005 | 20220923145846.0 | ||
| 008 | 021120s2002 pl |000 0 pol | ||
| 020 | _a8372510695 | ||
| 040 |
_cKOSZ 005/HR _aKOSZ 005/HR _dKOSZ 005/HR |
||
| 046 | _k2002 | ||
| 080 | _a658.14/.17 | ||
| 100 | 1 |
_aBień, Witold _d(1927-2018) _eAutor |
|
| 245 | 1 | 0 |
_aZarządzanie finansami przedsiębiorstwa / _cWitold Bień. |
| 250 | _aWyd. 6 uzup. i zaktual. | ||
| 260 |
_aWarszawa : _b"Difin", _c2002. |
||
| 300 |
_a337 s. : _bwykr. ; _c24 cm. |
||
| 336 |
_2rdacontent _aTekst _btxt |
||
| 337 |
_2rdamedia _aBez urządzenia pośredniczącego _bn |
||
| 338 |
_2rdacarrier _aWolumin _bnc |
||
| 380 | _aKsiążki | ||
| 388 | _a2001- | ||
| 650 | 4 | _aFinanse przedsiębiorstwa | |
| 650 | 4 | _aZarządzanie finansami | |
| 658 | _aGospodarka, ekonomia, finanse | ||
| 710 | 2 |
_aDifin _4pbl. |
|
| 856 |
_uhttp://koha.tu.koszalin.pl/cgi-bin/koha/opac-detail.pl?biblionumber=41963 _yKatalog online BPK |
||
| 942 |
_cKS _2UKD |
||
| 999 |
_c41963 _d41963 |
||